American Constitutional History A Brief Introduction /

Detalles Bibliográficos
Autor principal: Fruchtman, Jack
Formato: eBook
Lenguaje:inglés
Publicado: Hoboken: Wiley, 2016
Materias:
Acceso en línea:Acceso restringido

MARC

LEADER 00000nam a22000007a 4500
005 20210309222511.0
007 cr|||| ||||
008 210309s2016 us |||||s|||| 00||0 eng d
020 |a 978-1-119-14177-8 
035 |a 32445 
040 |a vLex 
090 |c 11336  |d 11336 
100 1 |a Fruchtman, Jack 
245 1 0 |a  American Constitutional History  |h [Recurso electrn̤ico] :  |b A Brief Introduction /  |c Jack Fruchtman 
256 |a Servicio en ln̕ea 
260 |a Hoboken:  |b Wiley,  |c 2016 
300 |a 1 recurso electrn̤ico 
500 |a American Constitutional History presents a concise introduction to the constitutional developments that have taken place over the past 225 years, treating trends from history, law, and political science. Presents readers with a brief and accessible introduction to more than two centuries of U.S. constitutional history Explores constitutional history chronologically, breaking U.S. history into five distinct periods Reveals the full sweep of constitutional changes through a focus on issues relating to economic developments, civil rights and civil liberties, and executive power Reflects the evolution of constitutional changes all the way up to the conclusion of the June 2015 Supreme Court term 
506 1 |a Disponible solo en los productos indicados  |d vLex Global  |d vLex Global (Academic Edition, excluding Law Schools)  |d vLex Global (Academic Edition, Law Schools) 
650 0 4 |a Derecho Constitucional  |z Estados Unidos 
740 0 |a vLex Libros (Servicio en ln̕ea) 
856 4 0 |u http://vlex.com/source/american-constitutional-history-a-brief-introduction-32445  |z Acceso restringido 
942 |c BOOK 
999 0 |a Constitutional right